|
|
|
|
| LEADER |
00804nta a2200217 i 4500 |
| 001 |
dipl133117 |
| 005 |
20230317154221.0 |
| 008 |
230317s2016 hu om 0|| hun d |
| 040 |
|
|
|a SZTE Diploma Repozitórium
|b hun
|
| 041 |
|
|
|a hun
|
| 100 |
1 |
|
|a Sztancsik László
|
| 245 |
1 |
2 |
|a A bizonyítás alapkérdései a büntetőeljárásban
|h [elektronikus dokumentum] /
|c László Sztancsik
|
| 246 |
1 |
0 |
|a Basic questions of evidence in criminal proceedings
|h [elektronikus dokumentum]
|
| 260 |
|
|
|c 2016
|
| 650 |
|
4 |
|a Jogi és igazgatási tanulmányok
|
| 650 |
|
4 |
|a Social sciences
|
| 650 |
|
4 |
|a Law
|
| 650 |
|
4 |
|a Law, criminology, penology
|
| 700 |
0 |
1 |
|a Urbán Zoltán
|e ths
|
| 700 |
0 |
1 |
|a Karsai Krisztina
|e ths
|
| 856 |
4 |
0 |
|u https://diploma.bibl.u-szeged.hu/id/eprint/133117/1/2016_sztancsik_laszlo.pdf
|z Dokumentum-elérés
|